Municipios andaluces más poblados que empiezan por C - Estadísticas

Estadísticas generales
  • Esta prueba ha sido intentada 41 veces
  • La puntuación promedio es 7 de 14
Estadísticas de respuestas
Población Municipio Provincia % Correcto
110 914 Cádiz Cádiz
100%
322 811 Córdoba Córdoba
100%
89 794 Chiclana de la Frontera Cádiz
78%
23 661 Conil de la Frontera Cádiz
76%
19 649 Chipiona Cádiz
70%
29 551 Carmona Sevilla
49%
25 023 Coín Málaga
46%
30 887 Coria del Río Sevilla
46%
20 070 Cabra Córdoba
41%
28 412 Cártama Málaga
41%
28 157 Camas Sevilla
32%
21 128 Cartaya Huelva
27%
16 445 Churriana de la Vega Granada
16%
17 167 Castilleja de la Cuesta Sevilla
11%
No se encontraron pruebas coincidentes
Distribución de puntuación
Porcentaje de gente con cada puntuación
Porcentaje por número respondido
Historial de tus puntuaciones
No has intentado esta prueba.